Gadayuddhadalli Samskrata Akaragala Rhuna (Record no. 97481)
[ view plain ]
| 000 -LEADER | |
|---|---|
| fixed length control field | 00693nam a2200193Ia 4500 |
| 003 - CONTROL NUMBER IDENTIFIER | |
| control field | OSt |
| 005 - DATE AND TIME OF LATEST TRANSACTION | |
| control field | 20250301124509.0 |
| 008 - FIXED-LENGTH DATA ELEMENTS--GENERAL INFORMATION | |
| fixed length control field | 210210b1994 xxu||||| |||| 00| 0 eng d |
| 040 ## - CATALOGING SOURCE | |
| Transcribing agency | AL |
| 041 ## - LANGUAGE CODE | |
| Language code of text/sound track or separate title | Kannada |
| 082 ## - DEWEY DECIMAL CLASSIFICATION NUMBER | |
| Classification number | K894.9 KAIG |
| 100 ## - MAIN ENTRY--PERSONAL NAME | |
| Personal name | KAIPU LAKSHMINARASIMHASHASTRI. |
| Dates associated with a name | ಕೈಪು ಲಕ್ಷ್ಮೀನರಸಿಂಹಶಾಸ್ತ್ರಿ |
| 9 (RLIN) | 203261 |
| 245 ## - TITLE STATEMENT | |
| Title | Gadayuddhadalli Samskrata Akaragala Rhuna |
| Remainder of title | ಗದಾಯುದ್ಧದಲ್ಲಿ ಸಂಸ್ಕ್ರತ ಆಕರಗಳ ರಹುಣ |
| 260 ## - PUBLICATION, DISTRIBUTION, ETC. | |
| Place of publication, distribution, etc. | Putturu |
| Name of publisher, distributor, etc. | Kolara Jilla Kannada Sahitya Parishattu |
| Date of publication, distribution, etc. | 1994 |
| 300 ## - PHYSICAL DESCRIPTION | |
| Extent | 12,108 |
| 690 ## - LOCAL SUBJECT ADDED ENTRY--TOPICAL TERM (OCLC, RLIN) | |
| Topical term or geographic name as entry element | Kannada Criticism |
| 9 (RLIN) | 203262 |
| 906 ## - LOCAL DATA ELEMENT F, LDF (RLIN) | |
| a | 048523 |
| 942 ## - ADDED ENTRY ELEMENTS (KOHA) | |
| Source of classification or shelving scheme | Dewey Decimal Classification |
| Koha item type | Book |
| Withdrawn status | Lost status | Source of classification or shelving scheme | Damaged status | Not for loan | Collection code | Home library | Current library | Date acquired | Cost, normal purchase price | Total Checkouts | Full call number | Barcode | Date last seen | Price effective from | Koha item type |
|---|---|---|---|---|---|---|---|---|---|---|---|---|---|---|---|
| Dewey Decimal Classification | Kannada | St Aloysius Library | St Aloysius Library | 02/17/2021 | 25.00 | K894.9 KAIG | 048523 | 02/17/2021 | 02/17/2021 | Book |